000
00256nam a22001217a 4500
003
SGT
082
_b
SHA
100
_a
SHARMA, YOGENDER
245
_a
SHIKSHA KE SAMAJSHATRIY AADHAR
260
_a
DELHI
_b
KANISHKA
_c
2016
300
_a
376
942
_2
ddc
_c
BK
999
_c
19928
_d
19928